• 首页
  • 本馆介绍
  • 公告通知
  • 最新文献
  • 馆藏检索
  • 电子资源
  • 读者导购
  • 参考咨询
  • 我的图书馆
  • 登录
  • 详细信息显示
  • 放入我的书架
  • 预约/预借图书
  • 作者相关作品
  • 分类相关作品
  • 丛书相关作品
  • 出版社相关作品

书目信息

  • 表格格式
  • 工作单格式
  • 卡片格式
题名:
当代中国人才流动
    
 
作者: 武博 著
分册:  
出版信息: 北京   人民出版社  2005
页数: 422页
开本: 20cm
丛书名:
单 册:
中图分类: C964.2
科图分类:
主题词: 人才流动--调查研究--中国
电子资源:
ISBN: 7-01-004764-2
000 00583nam0 2200205 450
001 TS2006045093
005 20070117111718.00
010    @a7-01-004764-2@dCNY30.00
100    @a20060829d2005 em y0chiy0120 ea
101 0  @achi
102    @aCN@b110000
105    @aa z 000yy
200 1  @a当代中国人才流动@ADang Dai Zhong Guo Ren Cai Liu Dong@f武博著@FWu Bo Zhu
210    @a北京@c人民出版社@d2005
215    @a422页@c图@d20cm
606 0  @a人才流动@x调查研究@y中国
690    @aC964.2@v4
701  0 @a武博@AWu Bo@4著
801  0 @aCN@b中图数据@c20070117
905    @a10447@dC964.2@e46
    
    当代中国人才流动/武博著.-北京:人民出版社,2005
    422页:图;20cm
    
    
    ISBN 7-01-004764-2:CNY30.00
    
●
相关链接 在E读中查询图书 在五车中查询图书 在当当中查询图书 在豆瓣中查询图书


正题名:当代中国人才流动     索取号:C964.2/46         预约/预借

序号 登录号 条形码 馆藏地/架位号 状态 备注
1 0619690   206196908   第一样本阅览室/ [索取号:C964.2/46] 在馆    
2 0619691   206196917   教育系资料室/ [索取号:C964.2/46] 在馆    
3 0619692   206196926   第一借阅区/ [索取号:C964.2/46] 在馆    
4 0619693   206196935   第一借阅区/ [索取号:C964.2/46] 在馆    
5 0619694   206196944   教育系资料室/ [索取号:C964.2/46] 在馆    
唐山师范学院图书馆 欢迎您!
大连网信软件有限公司© 版权所有